000 00296nam a22001217a 4500
999 _c47399
_d47398
008 210901b ||||| |||| 00| 0 eng d
100 _aGIBSON, Rowan
245 _aGestao
_bRepensar o futuro
250 _a1 ed
260 _aLisboa
_b Editora presensa
_c1998
300 _a285p
942 _2udc
_cBK